|
|
|
|
| LEADER |
00000cac a2200000 i 4500 |
| 003 |
Ucuenca |
| 005 |
20230308231241.0 |
| 006 |
aqr|p|r|||| 00| 0| |
| 007 |
ta |
| 008 |
211208s2009 sp qr|||r|||| 00| ||spa|a |
| 020 |
|
|
|a 978-84-458-0159-8
|
| 022 |
|
|
|a 0031-3955
|
| 022 |
|
|
|a 0186-159X
|
| 040 |
|
|
|a UCuenca-cdrjbv
|b spa
|c UCuenca
|e rda
|
| 041 |
|
1 |
|a spa
|h eng
|
| 082 |
0 |
|
|2 21
|a 618.92
|c 34107016
|
| 245 |
1 |
0 |
|a Problemas de salud en niños autóctonos:
|b una perspectiva basada en los datos probatorios para le pediatra de familia /
|c Anne B. Chang y Rosalyn Singleton
|
| 250 |
|
|
|a primera edición.
|
| 264 |
|
1 |
|a Barcelona:
|b Elsevier,
|c 2009
|
| 264 |
|
4 |
|c ©2010
|
| 300 |
|
|
|a xix, 1240 - 1591 páginas
|b ilu
|c 24 cm
|
| 336 |
|
|
|2 rdacontent
|a texto
|b txt
|
| 337 |
|
|
|2 rdamedia
|a no mediado
|b n
|
| 338 |
|
|
|2 rdacarrier
|a volumen
|b nc
|
| 362 |
|
|
|a Volumen 56, número 6 (2009)
|
| 490 |
0 |
|
|a Clínicas pediátricas de Norteamérica
|v Volumen 56, número 6.
|
| 504 |
|
|
|a ii
|
| 650 |
1 |
7 |
|2 UCuenca-cdrjbv
|9 2161
|a Pediatría
|
| 650 |
1 |
7 |
|2 UCuenca-cdrjbv
|a Niños
|9 9400
|
| 651 |
|
|
|2 UCuenca-cdrjbv
|
| 700 |
1 |
|
|9 3759
|a Chang, Anne B.
|e editor
|
| 700 |
1 |
|
|9 3754
|a Singleton, Rosalyn J.
|e editor
|
| 942 |
|
|
|2 ddc
|c CR
|r daniel.carrión@ucuenca.edu.ec
|
| 999 |
|
|
|c 159804
|d 159804
|